ARRUPE JESUIT UNIVERSITY

CORONAVIRUS -STOP THE SPREAD - CLEAN,DISINFECT,COVER

The court at Windsor, (Record no. 130297)

MARC details
000 -LEADER
fixed length control field 00773cam a2200241u 4500
001 - CONTROL NUMBER
control field 7515677
003 - CONTROL NUMBER IDENTIFIER
control field ARRUPE
005 - DATE AND TIME OF LATEST TRANSACTION
control field 20200204123101.0
008 - FIXED-LENGTH DATA ELEMENTS--GENERAL INFORMATION
fixed length control field 820301s1964 enkac 000 0 spa
010 ## - LIBRARY OF CONGRESS CONTROL NUMBER
LC control number 64007189
040 ## - CATALOGING SOURCE
Original cataloging agency DLC
Transcribing agency CarP
Modifying agency DLC
043 ## - GEOGRAPHIC AREA CODE
Geographic area code e-uk---
050 00 - LIBRARY OF CONGRESS CALL NUMBER
Classification number DA690.W76
Item number H46
300 ## - PHYSICAL DESCRIPTION
Other physical details illus., ports.
Dimensions 23 cm.
100 1# - MAIN ENTRY--PERSONAL NAME
Personal name Hibbert, Christopher,
Dates associated with a name 1924-2008.
9 (RLIN) 49137
245 14 - TITLE STATEMENT
Title The court at Windsor,
Remainder of title a domestic history.
Statement of responsibility, etc Christopher Hibbert
260 ## - PUBLICATION, DISTRIBUTION, ETC. (IMPRINT)
Place of publication, distribution, etc [London]
Name of publisher, distributor, etc Longmans
Date of publication, distribution, etc [1964]
300 ## - PHYSICAL DESCRIPTION
Extent xx, 347 p.
610 20 - SUBJECT ADDED ENTRY--CORPORATE NAME
Corporate name or jurisdiction name as entry element Windsor Castle
General subdivision History.
9 (RLIN) 49356
651 #0 - SUBJECT ADDED ENTRY--GEOGRAPHIC NAME
Geographic name Great Britain
General subdivision Kings and rulers.
9 (RLIN) 496
651 #0 - SUBJECT ADDED ENTRY--GEOGRAPHIC NAME
Geographic name Great Britain
General subdivision Court and courtiers.
9 (RLIN) 48984
906 ## - LOCAL DATA ELEMENT F, LDF (RLIN)
a 0
b cbc
c premunv
d u
e ncip
f 19
g y-gencatlg
942 ## - ADDED ENTRY ELEMENTS (KOHA)
Source of classification or shelving scheme Library of Congress Classification
Koha item type Monograph ( Printed materials)
Holdings
Withdrawn status Lost status Source of classification or shelving scheme Damaged status Not for loan Collection code Home library Current library Shelving location Date acquired Total Checkouts Full call number Barcode Date last seen Price effective from Koha item type
    Library of Congress Classification     Main Collection ARRUPE LIBRARY ARRUPE LIBRARY Main Collection 04/02/2020   DA690.W76 H46 46600006546 04/02/2020 04/02/2020 Monograph ( Printed materials)

 

Arrupe Library. PO Box MP320 Mt Pleasant, Harare, Zimbabwe
263 242 745411|librarian@aju.ac.zw